000 00275nam a2200121 a 4500
008 101022s1965|||| d
100 1 _aLeonov, Leonid
245 1 0 _aEugenia Ivanovna
260 _bSVKL
_aBratislava
_c1965
041 _aslo
020 _c6,50
044 _axo
_cSK
999 _c12033
_d12033